000 00348 a2200097 4500
245 0 0 _aElektroniczne przyrządy pomiarowe - Określanie parametrów Badania PN-85/T-06500.04 /
_cMin. Przem. Maszynowego.
246 1 3 _aPN-85/T-06500.04
246 1 3 _a621.317.7:621.38
260 _aWarszawa :
_bMin. Przem. Maszynowego,
_c1985.
300 _a4 stron ;
_c30 cm.
650 _aPolska norma
999 _c21334
_d21334